Personnages de supernatural - Statistiques

Statistiques générales
  • Ce quiz a été pris 735 fois
    732 depuis la dernière actualisation
  • Le résultat moyen est 12 sur 15
Statistiques - réponses
indices réponses % Correct
Grand frère Dean
99%
Petit frère Sam
99%
Meilleur ami des frères/ange Castiel
97%
Père adoptif des frères Bobby
94%
Archange maléfique Lucifer
93%
Roi des enfers Crowley
88%
Père des frères John
87%
Archange/ illusionniste Gabriel
84%
Mère des frères Mary
84%
Sorcière la plus puissante Rowena
77%
Fils de Lucifer Jack
75%
Prénom de Dieu Chuck
71%
Archange possédé par Dean Michael
68%
Faucheuse qui est devenu la Mort Billie
59%
Archange qui voulait remplacer dieu Raphael
45%
Aucun quiz correspondant
Distribution des résultats
% des personnes avec chaque résultat
Percentile par nombre de réponses
Votre historique - résultats
Vous n’avez pas pris ce quiz depuis la dernière actualisation